| 000 | 00000nam##2200000za#4500 |
| 001 | 9.643398 |
| 003 | CaOODSP |
| 005 | 20210624224142 |
| 007 | cr ||||||||||| |
| 008 | 150407|1985||||xxc|||||o f|0| 0 fre|d |
| 040 | |aCaOODSP|bfre |
| 043 | |an-cn--- |
| 086 | 1 |aA43-1788/1985F-PDF |
| 110 | 1 |aCanada.|bAgriculture Canada. |bDirection générale de recherche. |
| 245 | 10|aInsectes nuisibles au maïs dans l'est du Canada / |h[ressource électronique]|c[par] M. Hudon, W.H. Foott et P. Martel. |
| 260 | |aOttawa - Ontario : |bAgriculture Canada. |c1985. |
| 300 | |a32p.|bglossaire, photographies |
| 500 | |aPublication historique numérisée par Agriculture et Agroalimentaire Canada. |
| 590 | |a14-11-Supp|b2014-05-21 |
| 691 | 07|aInsecte|2gcpds |
| 691 | 07|aMaïs|2gcpds |
| 691 | 07|aOrganisme nuisible|2gcpds |
| 775 | 08|tInsects damaging corn in Eastern Canada / |w(CaOODSP)9.699411 |
| 856 | 40|ahttp://publications.gc.ca|qPDF|s2.4 Mo|uhttps://publications.gc.ca/collections/collection_2014/aac-aafc/agrhist/A43-1788-1985-fra.pdf |
| 986 | |a1788/F |